00336nam a2200133 a 45000010010000000030011000100080041000210350026000620820014000881000016001022450026001182600043001446500015001870000-8844ELIB.Books110520 1899  a(ELIB.Books)0000-8990 a213 bFis aFiske, John aThrough Nature to God bCambridge: The Riversside Press c1899 aPsychology